| 000 | 00594nam a2200217Ia 4500 | ||
|---|---|---|---|
| 005 | 20250425160650.0 | ||
| 008 | 250425s9999 xx 000 0 und d | ||
| 041 | _aspa | ||
| 082 | _a658.159 | ||
| 100 | _aAROSEMENA, AROSEMENA, GUILLERMO | ||
| 245 | 0 | _aEL DESASTRE EMPRESARIAL : PORQUE SE PRESENTA, COMO GERENCIAR LA CRISIS Y SALIR ADELANTE | |
| 250 | _a1A ED. | ||
| 260 |
_aEcuador _bS.E. _c1994 |
||
| 260 | _aGUAYAQUIL | ||
| 300 | _a157 | ||
| 650 | _aADMINISTRACION FINANCIERA | ||
| 650 | _aCRISIS ECONOMICA | ||
| 650 | _aESTRATEGIA COMPETITIVA | ||
| 942 | _c01 | ||
| 010 | _a1801 | ||
| 999 |
_c193709 _d193709 |
||